أحكام النساء / (رقم التسجيلة. 59007)

تفاصيل مارك
000 -LEADER
fixed length control field 00546nam a22001697a 4500
005 - DATE AND TIME OF LATEST TRANSACTION
control field 20251108171207.0
008 - FIXED-LENGTH DATA ELEMENTS--GENERAL INFORMATION
fixed length control field 250721s1984 xx 000 0 ara d
082 14 - DEWEY DECIMAL CLASSIFICATION NUMBER
Classification number 210.4301412/جوز
100 1# - MAIN ENTRY--PERSONAL NAME
Personal name إبن الجوزي، أبو الفرج عبد الرحمن
245 10 - TITLE STATEMENT
Title أحكام النساء /
264 1# - PRODUCTION, PUBLICATION, DISTRIBUTION, MANUFACTURE, AND COPYRIGHT NOTICE
Place of production, publication, distribution, manufacture القاهرة :
Name of producer, publisher, distributor, manufacturer مكتبة التراث الإسلامي،
Date of production, publication, distribution, manufacture, or copyright notice 1984.
300 ## - PHYSICAL DESCRIPTION
Extent 160ص.
490 0# - SERIES STATEMENT
Series statement فقه المرأه المسلمه
650 17 - SUBJECT ADDED ENTRY--TOPICAL TERM
Topical term or geographic name as entry element المرأة في الإسلام
942 ## - ADDED ENTRY ELEMENTS (KOHA)
Source of classification or shelving scheme Dewey Decimal Classification
Koha item type كتب
المقتنيات
حالة السحب حالة الفقدان مصدر التصنيف حالة التلف غير قابل للإعارة المكتبة الرئيسية المكتبة الحالية موقع الرف تاريخ التزويد الرقم المتسلسل Total Checkouts رقم الإستدعاء تاريخ آخر ظهور تاريخ الفاتورة نوع المادة (كوها) الباركود
    Dewey Decimal Classification Unchecked   مكتبة الحسن العامة مكتبة الحسن العامة الإعارة 06/07/2004 3639   210.4301412/جوز 28/07/2025 06/07/2004 كتب  
    Dewey Decimal Classification     مكتبة حمزة العامة مكتبة حمزة العامة الإعارة 28/07/2025 589431   210.4301412/جوز 28/07/2025 28/07/2025 كتب 589431
Implemented & Customized by: BBB with SCIT (Smart Chains for Information Technology)

Powered by Koha